Environment: dimensions and issues (Record no. 603957)

MARC details
000 -LEADER
fixed length control field 00438nam a2200145Ia 4500
008 - FIXED-LENGTH DATA ELEMENTS--GENERAL INFORMATION
fixed length control field 100415s9999 xx 000 0 und d
082 ## - DEWEY DECIMAL CLASSIFICATION NUMBER
Item number 21075
Classification number 333.7
100 ## - MAIN ENTRY--PERSONAL NAME
Personal name NATURE ENVIRONMENT & WILDLIFE
245 ## - TITLE STATEMENT
Title Environment: dimensions and issues
260 ## - PUBLICATION, DISTRIBUTION, ETC. (IMPRINT)
Place of publication, distribution, etc KOLKATA
Date of publication, distribution, etc 2002
Name of publisher, distributor, etc NATURE ENVIRONMENT & WILDLIFE
365 ## - TRADE PRICE
Price amount 1
630 ## - SUBJECT ADDED ENTRY--UNIFORM TITLE
Uniform title Environment: dimensions and issues
730 ## - ADDED ENTRY--UNIFORM TITLE
Uniform title Environment: dimensions and issues
942 ## - ADDED ENTRY ELEMENTS (KOHA)
Koha item type Book
Holdings
Withdrawn status Lost status Damaged status Not for loan Home library Current library Date acquired Cost, normal purchase price Total Checkouts Full call number Barcode Date last seen Price effective from Koha item type
        Bombay Natural History Society Bombay Natural History Society 08/31/2004 1.00   333.7 21075 BNHS-21075 04/15/2010 04/15/2010 Book